000 00658nam a2200229Ia 4500
003 OSt
005 20220925185652.0
006 a|||||r|||| 00| 0
007 ta
008 220923b |||||||| |||| 00| 0 eng d
037 _cGeneral Book
040 _aRTL
_cRTL
_beng
041 _2eng
_aeng
082 _aX723.216.N7, L5/GD
110 _aAndhra Pradesh Revenue (Board of )
_9235329
245 0 _aStanding orders
260 _aAndhra Pradesh
_bPradesh ICRISAT
_c1975
300 _a482p
_ccm.
700 _aAndhra Pradesh Revenue (Board of )
_9235330
942 _hX723.216.N7, L5/GD
_cGB
_2CC
999 _c511723
_d511723